00704nam a2200169 a 450000100100000000500170001000800410002704000250006810000290009324500570012226000310017930000360021050000210024650000730026795201770034099900170051700004034620201002034055.0130822s19uu sp ac 001 0 spa d aDO-SdBNPbspacBNPHU1 aLlopis, José J.96664210aEnigmas de la antigua América /cJosé J. Llopis. aMadrid :bDaimon,c[196?]. a399 p. :bil., retrs. ;c22 cm. aIncluye índice aIncluye referencias bibliográficas y notas al pie de las páginas 001050718MOaGRbGRcCTd2013-08-22iLF1l0o p40346-10r2020-06-25w2020-06-25y1zPerteneció a la biblioteca personal de Aída Cartagena PortalatínZNo se presta c39836d39836